000 00680nam a2200289Ia 4500
005 20260121124538.0
008 008 260114s9999 xx 000 0 eng d
020 _a9781438484266
037 _aEBOOK
040 _aCRL
040 _beng
040 _cCRL
041 _2eng
041 _aeng
084 _qCRL
100 _aMacauley, David
_9977817
245 4 _aThe Seasons
260 _bWalter de Gruyter
260 _bWalter de Gruyter
260 _c2021
650 _aPhilosophy
_9977818
700 _a Fischer, Luke
_9977819
856 _uhttp://www.degruyter.com/isbn/9781438484266
942 _cEBOOK
999 _c1555390
_d1555390